Statistics for Baseball Team Nicknames

Click here to take the quiz!

General Stats

  • This quiz has been taken 23 times
  • The average score is 25 of 37

Answer Stats

Hint Answer % Correct
NatsWashington Nationals
100%
RedbirdsSt. Louis Cardinals
100%
Brew CrewMilwaukee Brewers
100%
Bronx BombersNew York Yankees
100%
ChiSoxChicago White Sox
100%
HalosLos Angeles Angels of Anaheim
95%
AsOakland Athletics
95%
Lone StarsTexas Rangers
95%
TribeCleveland Indians
90%
FishFlorida Marlins
90%
BoSoxBoston Red Sox
85%
OsBaltimore Orioles
85%
North SidersChicago Cubs
85%
South SidersChicago White Sox
80%
FriarsSan Diego Padres
80%
AmazinsNew York Mets
75%
BengalsDetroit Tigers
75%
BravosAtlanta Braves
75%
SnakesArizona Diamondbacks
70%
MsSeattle Mariners
70%
Big Red MachineCincinnati Reds (1970s)
65%
BuccosPittsburgh Pirates
65%
TwinkiesMinnestoa Twins
65%
BirdsBaltimore Orioles
65%
RoxColorado Rockies
60%
SawxBoston Red Sox
60%
G-menSan Francisco Giants
55%
Pale HoseChicago White Sox
50%
FightinsPhiladelphia Phillies
50%
Miracle ____1969 New York Mets
50%
Dem BumsBrooklyn Dodgers
40%
Gas House Gang1934 St. Louis Cardinals
35%
Blue CrewKansas City Royals
25%
NatsWashington Senators
25%
Harvey's Wallbangers1982 Milwaukee Brewers
15%
Whiz Kids1950 Philadelphia Phillies
15%
Nos AmoursMontreal Expos
5%

Score Distribution

Percentile by Number Answered

Percent of People with Each Score

Your Score History

You have not taken this quiz